| 000 | 00836nam a22002897a 4500 | ||
|---|---|---|---|
| 005 | 20260218190350.0 | ||
| 008 | 160224b2011 xxu||||| |||| 00| 0 spa d | ||
| 020 | _a9786070908002 | ||
| 041 | _aESP | ||
| 082 | _a364 H639m2 | ||
| 100 | _aHikal, Wael | ||
| 245 | _aMetodología y técnica de investigación criminológica: reglas básicas en la redacción de textos | ||
| 250 | _a2 edición | ||
| 260 | _aMéxico | ||
| 260 | _bEditorial Porrua | ||
| 260 | _c2011 | ||
| 490 | _aInvestigación Criminal | ||
| 650 | _aCRIMINOLOGÍA | ||
| 650 | _aPENSAMIENTO CIENTÍFICO | ||
| 650 | _aCIENCIAS | ||
| 650 | _aINVESTIGACIÓN CIENTÍFICO | ||
| 650 | _aMÉTODO EN CRIMINOLOGÍA | ||
| 650 | _aTÉCNICAS DE INVESTIGACION | ||
| 650 | _aORTOGRAFÍA | ||
| 650 | _aPRESENTACIÓN DE LA INVESTIGACIÓN | ||
| 942 |
_cBK _2ddc |
||
| 999 |
_c7704 _d7704 |
||